000 00436nam a2200181Ia 4500
001 2968
005 20260306144846.0
008 260306t2014||||xx |||||||||||||| ||spa||
041 _aESP
082 _a236.8974
_bI59
100 _aInstituto Superior de Estudios Guadaluoanos
_eAUT
245 0 _aEl Nican Mopohua
260 _c2014
300 _a72 páginas :
_c22 cm.
650 _aGEN
654 _aCHU
942 _cLIB
_dJUS
_fJUS
_2ddc
_n
999 _c2968
_d2968